[Event "VIE-ch U11"]
[Site "Hai Phong"]
[Date "2018.07.07"]
[Round "1"]
[White "Le, Minh Tuan Anh"]
[Black "Pham, Chi Cuong"]
[Result "1-0"]
[WhiteElo "1895"]
[BlackElo "1869"]
[PlyCount "83"]
[EventDate "2018.07.07"]
[EventType "swiss"]
[EventRounds "9"]
[EventCountry "VIE"]
[SourceTitle "EXT 2019"]
[Source "ChessBase"]
[SourceDate "2018.10.10"]
[SourceVersion "1"]
[SourceVersionDate "2018.10.10"]
[SourceQuality "1"]

1. Nf3 d5 2. d4 Nc6 3. c4 e6 4. Nc3 Nf6 5. e3 Bd6 6. Be2 0-0 7. 0-0 b6 8. b3 Bb7 9. Bb2 a6 10. Rc1 Ne7 11. c5 bxc5 12. dxc5 Bxc5 13. Nxd5 Nexd5 14. Rxc5 Ne4 15. Rc1 Qe7 16. Bd3 Ndf6 17. Qe2 Rfd8 18. Nd4 Qd6 19. Rfd1 Qb6 20. Nf3 c5 21. Ne5 Nd6 22. Nc4 Qc6 23. f3 Nfe8 24. Na5 Qb6 25. Nxb7 Nxb7 26. Be4 Ned6 27. Bxb7 Nxb7 28. Qc4 Na5 29. Rxd8+ Rxd8 30. Qxc5 Qxc5 31. Rxc5 Nb7 32. Rc2 h6 33. Kf2 Nd6 34. Ke2 Nf5 35. g4 Ne7 36. Rd2 Rc8 37. Ke1 Nd5 38. e4 Nc7 39. Ke2 g6 40. Rc2 Kf8 41. Be5 Ke8 42. Rxc7 1-0

[Event "EU-ch U08 26th"]
[Site "Prague"]
[Date "2016.08.27"]
[Round "9"]
[White "Abasov, Yusif"]
[Black "Pham, Chi Cuong"]
[Result "0-1"]
[WhiteElo "1398"]
[BlackElo "1313"]
[PlyCount "78"]
[EventDate "2016.08.18"]
[EventType "swiss"]
[EventRounds "9"]
[EventCountry "CZE"]
[SourceTitle "CBM 174 Extra"]
[Source "ChessBase"]
[SourceDate "2016.10.10"]
[SourceVersion "1"]
[SourceVersionDate "2016.10.10"]
[SourceQuality "1"]

1. e4 e6 2. d4 d5 3. Nc3 Nf6 4. e5 Nfd7 5. f4 c5 6. Nf3 Nc6 7. Be3 a6 8. Be2 Qc7 9. 0-0 Be7 10. Rb1 0-0 11. a3 b6 12. Qe1 cxd4 13. Nxd4 Bc5 14. Qf2 Nxd4 15. Bxd4 Bxd4 16. Qxd4 Qc5 17. Qxc5 bxc5 18. Bg4 Rb8 19. b3 a5 20. Rfd1 Nb6 21. Nb5 Bd7 22. Nd6 d4 23. Bf3 Nd5 24. Bxd5 exd5 25. Re1 Rb6 26. a4 Rfb8 27. Rbd1 Kf8 28. h3 h5 29. h4 g6 30. Rf1 f5 31. Rf3 Be6 32. Rg3 Kg7 33. Rg5 c4 34. Nb5 cxb3 35. cxb3 Rc8 36. Nxd4 Rc3 37. Nxe6+ Rxe6 38. Rxd5 Rxb3 39. Rxa5 Rb4 0-1